000 00342nam a2200133Ia 4500
005 20260328104337.0
008 260328s9999||||xx |||||||||||||| ||und||
100 _aDel Giudice, J.C.
245 0 _aLa Vivienda :
_b ¿Un Problema insoluble? /
_cJ.C. Del Giudice
260 _bInterpol
300 _a125 p.
650 _aVIVIENDA
942 _cBK
999 _c11954
_d11954